[Event "Austin AGCA GM"]
[Site "Austin USA"]
[Date "2024.05.26"]
[Round "4.3"]
[White "Sai Krishna, GV."]
[Black "Vazquez, Guillermo"]
[Result "1/2-1/2"]
[WhiteElo "2404"]
[BlackElo "2571"]
[PlyCount "77"]
[EventDate "2024.01.11"]
[EventType "tourn"]
[EventRounds "9"]
[EventCountry "USA"]
[EventCategory "6"]
[Source "ChessMix"]
[SourceDate "2024.06.10"]

1. e4 e5 2. Nf3 Nc6 3. Bb5 Nge7 4. Nc3 Ng6 5. h4 Nd4 6. h5 Nf4 7. d3 Nxg2+ 8.
Kf1 Nxb5 9. Nxb5 Nf4 10. Bxf4 exf4 11. Qd2 c6 12. Nbd4 d6 13. Qxf4 Be7 14. Re1
O-O 15. Rg1 Bf6 16. Rg3 Re8 17. e5 dxe5 18. Nxe5 h6 19. Ree3 Kf8 20. c4 a5 21.
b3 Ra6 22. Re4 c5 23. Nb5 Rae6 24. Rge3 Bxe5 25. Rxe5 Rxe5 26. Rxe5 Qxd3+ 27.
Kg1 Rd8 28. Rxc5 Bh3 29. Kh2 Qf1 30. Qg3 Kg8 31. Qg1 Qd3 32. Qg3 Qf1 33. Qg1
Qd3 34. Qg3 Qf1 35. Qg1 Qe2 36. Kxh3 Rd3+ 37. Kh2 Rf3 38. Kg2 Rf4 39. Kh2
1/2-1/2

[Event "Austin AGCA GM"]
[Site "Austin USA"]
[Date "2024.05.26"]
[Round "5.5"]
[White "Sheehan, Ethan"]
[Black "Sai Krishna, GV."]
[Result "1/2-1/2"]
[WhiteElo "2335"]
[BlackElo "2404"]
[PlyCount "67"]
[EventDate "2024.01.11"]
[EventType "tourn"]
[EventRounds "9"]
[EventCountry "USA"]
[EventCategory "6"]
[Source "ChessMix"]
[SourceDate "2024.06.10"]

1. d4 Nf6 2. c4 g6 3. Nc3 Bg7 4. e4 d6 5. Be2 O-O 6. Be3 Nc6 7. d5 Ne5 8. f4
Neg4 9. Bd2 Nh6 10. h3 e6 11. Bf3 exd5 12. cxd5 c6 13. dxc6 d5 14. e5 Ne4 15.
Nxe4 dxe4 16. Bxe4 bxc6 17. Nf3 Nf5 18. O-O Ng3 19. Re1 Nxe4 20. Rxe4 Qb6+ 21.
Be3 Qxb2 22. Bc5 Re8 23. Rb4 Qa3 24. Qd4 Bf8 25. Bxf8 Rxf8 26. Ra4 Qe7 27. Rc1
Rd8 28. Qf2 Rd3 29. Ng5 Bf5 30. Rxc6 h6 31. Nf3 Qd7 32. Raa6 Rc8 33. Rd6 Qc7
34. Kh2 1/2-1/2

[Event "Austin AGCA GM"]
[Site "Austin USA"]
[Date "2024.05.27"]
[Round "6.2"]
[White "Sai Krishna, GV."]
[Black "Dragun, Kamil"]
[Result "1/2-1/2"]
[WhiteElo "2404"]
[BlackElo "2541"]
[PlyCount "165"]
[EventDate "2024.01.11"]
[EventType "tourn"]
[EventRounds "9"]
[EventCountry "USA"]
[EventCategory "6"]
[Source "ChessMix"]
[SourceDate "2024.06.10"]

1. e4 e5 2. Nf3 Nc6 3. Bb5 a6 4. Ba4 Nf6 5. O-O Be7 6. Re1 b5 7. Bb3 O-O 8. a4
Bb7 9. axb5 axb5 10. Rxa8 Qxa8 11. Nc3 Na5 12. Ba2 b4 13. Nd5 Nxd5 14. Bxd5
Bxd5 15. exd5 d6 16. d4 f6 17. Nh4 f5 18. Qh5 Bxh4 19. Qxh4 e4 20. Qe7 Rf7 21.
Qe6 Nc4 22. g4 Nb6 23. gxf5 Qxd5 24. Rxe4 Qxf5 25. Qxf5 Rxf5 26. Bd2 Nd5 27.
Re8+ Rf8 28. Rxf8+ Kxf8 29. Kf1 b3 30. cxb3 Kf7 31. Ke2 Ke6 32. Kd3 Nf6 33. f3
Kd5 34. Bg5 Ne8 35. Bd8 c6 36. Bg5 Nc7 37. Be3 Ne6 38. Kc3 g6 39. Kd3 Ng7 40.
Kc3 Nf5 41. Bf2 g5 42. Kd3 h6 43. Kc3 Ne7 44. Kd3 Ng6 45. Bg3 Ne7 46. Be1 Nf5
47. Bf2 Ng7 48. Bg1 Ne6 49. Be3 Nc7 50. Kc3 Ke6 51. Kc4 Nd5 52. Bd2 Nb6+ 53.
Kb4 Kd5 54. Be3 Nc8 55. Kc3 Ne7 56. Bf2 Ng6 57. Bg3 Nf8 58. Bf2 Nd7 59. Kd3 Nf6
60. Be3 Ke6 61. Kc4 Nd5 62. Bd2 Kf5 63. b4 Nb6+ 64. Kb3 Ke6 65. b5 cxb5 66. Kb4
Nc4 67. Bc3 Kd5 68. Kxb5 Ne3 69. b4 Nc2 70. Bb2 h5 71. h3 h4 72. Bc3 Ne3 73.
Ka6 Kc4 74. b5 Nd5 75. Ba5 Kxd4 76. Bd8 Ke3 77. Bxg5+ Kxf3 78. Kb7 Nc3 79. b6
Na4 80. Bxh4 Nxb6 81. Kxb6 Kg2 82. Kc6 Kxh3 83. Kxd6 1/2-1/2

[Event "Austin AGCA GM"]
[Site "Austin USA"]
[Date "2024.05.27"]
[Round "7.5"]
[White "Shlyakhtenko, Robert"]
[Black "Sai Krishna, GV."]
[Result "1-0"]
[WhiteElo "2397"]
[BlackElo "2404"]
[PlyCount "79"]
[EventDate "2024.01.11"]
[EventType "tourn"]
[EventRounds "9"]
[EventCountry "USA"]
[EventCategory "6"]
[Source "ChessMix"]
[SourceDate "2024.06.10"]

1. d4 Nf6 2. c4 g6 3. Nc3 Bg7 4. e4 d6 5. Nge2 O-O 6. f3 Nc6 7. Be3 a6 8. Qd2
Rb8 9. Rc1 Bd7 10. Nd1 Ne8 11. h4 f5 12. exf5 gxf5 13. d5 Ne5 14. Nf4 c5 15. h5
b5 16. b3 Bh6 17. Nb2 Ng7 18. Be2 Qe8 19. g3 e6 20. Kf2 bxc4 21. dxe6 Nxe6 22.
Nxc4 Ng5 23. Nxd6 Qe7 24. Bxc5 Rbd8 25. Qd5+ Kh8 26. Nb7 Ng4+ 27. fxg4 Ne4+ 28.
Kg1 Nxc5 29. Qxc5 Qe4 30. Nxd8 Rxd8 31. Rc4 Qb1+ 32. Kg2 Qxa2 33. Qd4+ Kg8 34.
Qf6 Re8 35. Qxh6 Rxe2+ 36. Nxe2 Qxe2+ 37. Kh3 Qe7 38. Rf1 Qe2 39. Qg5+ Kf7 40.
Rxf5+ 1-0

[Event "Austin AGCA GM"]
[Site "Austin USA"]
[Date "2024.05.28"]
[Round "8.1"]
[White "Melillo, Lucius"]
[Black "Sai Krishna, GV."]
[Result "0-1"]
[WhiteElo "2297"]
[BlackElo "2404"]
[PlyCount "96"]
[EventDate "2024.01.11"]
[EventType "tourn"]
[EventRounds "9"]
[EventCountry "USA"]
[EventCategory "6"]
[Source "ChessMix"]
[SourceDate "2024.06.10"]

1. d4 Nf6 2. c4 g6 3. Nc3 Bg7 4. e4 d6 5. h3 O-O 6. Be3 a5 7. g4 a4 8. g5 Nfd7
9. Nxa4 c5 10. Ne2 Nc6 11. Nac3 Qb6 12. Nb5 cxd4 13. Nexd4 Nc5 14. Bg2 Ne5 15.
Qe2 Ned3+ 16. Kf1 Bd7 17. Rd1 Bxd4 18. Nxd4 e5 19. Nb3 Nf4 20. Qd2 Nxb3 21.
Bxb6 Nxd2+ 22. Rxd2 Rxa2 23. Kg1 Bc6 24. Bc7 f5 25. Bxd6 Nxg2 26. Kxg2 fxe4 27.
Kh2 Rf3 28. Bxe5 e3 29. fxe3 Rf5 30. Bf6 Bxh1 31. Kxh1 Kf7 32. Kg2 Ke6 33. Kg3
Ra4 34. Rd4 b5 35. Re4+ Kd6 36. b3 Ra2 37. Rh4 Re2 38. e4 Re3+ 39. Kg2 Re2+ 40.
Kg3 Re3+ 41. Kg2 Rff3 42. cxb5 Rxb3 43. Rxh7 Rfd3 44. Kf1 Rd2 45. e5+ Ke6 46.
Ke1 Rh2 47. Re7+ Kf5 48. Rd7 Rb1+ 0-1

[Event "Austin AGCA GM"]
[Site "Austin USA"]
[Date "2024.05.28"]
[Round "9.5"]
[White "Sai Krishna, GV."]
[Black "Chen, Ryo"]
[Result "0-1"]
[WhiteElo "2404"]
[BlackElo "2342"]
[PlyCount "68"]
[EventDate "2024.01.11"]
[EventType "tourn"]
[EventRounds "9"]
[EventCountry "USA"]
[EventCategory "6"]
[Source "ChessMix"]
[SourceDate "2024.06.10"]

1. e4 c5 2. Nf3 d6 3. d4 cxd4 4. Nxd4 Nf6 5. Nc3 Nc6 6. Bg5 e6 7. Qd2 Qb6 8.
Nb3 Be7 9. Bd3 O-O 10. O-O Rd8 11. Rae1 Ne5 12. Re3 h6 13. Bh4 Ng6 14. Bxf6
Bxf6 15. f4 a5 16. a4 d5 17. e5 d4 18. Nxd4 Qxd4 19. exf6 Qxf6 20. Rg3 Bd7 21.
Qe2 Ne7 22. Qh5 Bc6 23. Kh1 Rd4 24. Rg4 Nf5 25. Bxf5 exf5 26. Rg3 Rd2 27. Nd1
Re8 28. Qh3 Qd4 29. Ne3 Rxe3 30. Rxe3 Rxg2 31. Re8+ Bxe8 32. Kxg2 Bc6+ 33. Kg3
Qe3+ 34. Kh4 g5+ 0-1

[Event "Vezerkepzo GM 2024.01"]
[Site "Budapest HUN"]
[Date "2024.01.05"]
[Round "1.1"]
[White "Palczert, Matyas"]
[Black "Sai Krishna, GV."]
[Result "0-1"]
[WhiteElo "2282"]
[BlackElo "2370"]
[PlyCount "60"]
[EventDate "2024.01.05"]
[EventType "tourn"]
[EventRounds "9"]
[EventCountry "HUN"]
[EventCategory "6"]
[Source "ChessMix"]
[SourceDate "2024.01.20"]

1. e4 e5 2. Nf3 Nc6 3. Bc4 Nf6 4. Ng5 d5 5. exd5 Na5 6. Bb5+ c6 7. dxc6 bxc6 8.
Bd3 Nd5 9. Nf3 Bd6 10. O-O O-O 11. Re1 f5 12. Nxe5 Qf6 13. Nf3 g5 14. c4 Nf4
15. Bf1 g4 16. d4 gxf3 17. Qxf3 Ne6 18. Qc3 Nxd4 19. c5 Bc7 20. b4 Rb8 21. bxa5
Be6 22. Bc4 Bxc4 23. Qxc4+ Kh8 24. Be3 Bxh2+ 25. Kf1 Be5 26. f4 Rg8 27. Bf2 Rb2
28. g3 Qh6 29. Kg2 Rxg3+ 30. Kxg3 Qxf4+ 0-1

[Event "Vezerkepzo GM 2024.01"]
[Site "Budapest HUN"]
[Date "2024.01.06"]
[Round "2.1"]
[White "Sai Krishna, GV."]
[Black "Dau, Khuong Duy"]
[Result "1-0"]
[WhiteElo "2370"]
[BlackElo "2309"]
[PlyCount "99"]
[EventDate "2024.01.05"]
[EventType "tourn"]
[EventRounds "9"]
[EventCountry "HUN"]
[EventCategory "6"]
[Source "ChessMix"]
[SourceDate "2024.01.20"]

1. e4 c5 2. Nf3 g6 3. d4 cxd4 4. Nxd4 Nc6 5. Nc3 Bg7 6. Be3 Nf6 7. Bc4 d6 8. f3
Nxd4 9. Bxd4 O-O 10. Qe2 Be6 11. Bxe6 fxe6 12. O-O-O Qa5 13. e5 dxe5 14. Qxe5
Qxe5 15. Bxe5 Rad8 16. Rhe1 Kf7 17. Bd4 a6 18. Na4 b5 19. Nc5 Rd6 20. Bxf6 Bxf6
21. Rxd6 exd6 22. Nxa6 Rc8 23. Nb4 Rc5 24. Nd3 Rf5 25. Re4 h5 26. a4 bxa4 27.
Rxa4 g5 28. Kd2 Rb5 29. c4 Rb7 30. b4 Bd4 31. Kc2 g4 32. Ra6 Ke7 33. Kb3 gxf3
34. gxf3 Rb8 35. f4 h4 36. Ra5 Rh8 37. c5 dxc5 38. bxc5 h3 39. Kc4 Bg1 40. Ne5
Kf6 41. Ra7 Kf5 42. Nf3 Bf2 43. Rf7+ Ke4 44. Ng5+ Ke3 45. c6 Bg3 46. c7 Bxh2
47. Nxh3 e5 48. Re7 Kd2 49. Rd7+ Kc2 50. Rd8 1-0

[Event "Vezerkepzo GM 2024.01"]
[Site "Budapest HUN"]
[Date "2024.01.07"]
[Round "3.1"]
[White "Neverov, Valeriy"]
[Black "Sai Krishna, GV."]
[Result "1/2-1/2"]
[WhiteElo "2406"]
[BlackElo "2370"]
[PlyCount "79"]
[EventDate "2024.01.05"]
[EventType "tourn"]
[EventRounds "9"]
[EventCountry "HUN"]
[EventCategory "6"]
[Source "ChessMix"]
[SourceDate "2024.01.20"]

1. d4 Nf6 2. c4 g6 3. Nc3 Bg7 4. e4 d6 5. f3 O-O 6. Be3 Nc6 7. Qd2 a6 8. Nge2
Rb8 9. Rc1 Bd7 10. g3 b5 11. cxb5 axb5 12. Bg2 e5 13. d5 Na5 14. b3 b4 15. Nd1
Bb5 16. Qxb4 Nxb3 17. Qxb3 Bxe2 18. Qc2 Bxd1 19. Rxd1 Nd7 20. O-O Rb5 21. a4
Ra5 22. Ra1 Nc5 23. Bd2 Ra7 24. a5 f5 25. Be3 Qe7 26. Rfc1 Rfa8 27. Bxc5 dxc5
28. Qxc5 Qxc5+ 29. Rxc5 Bh6 30. Kf2 Bd2 31. a6 Rxa6 32. Rxa6 Rxa6 33. Rxc7 Ra2
34. Rc8+ Kf7 35. Bh3 Ba5+ 36. Kf1 Ra1+ 37. Ke2 Ra2+ 38. Kf1 Ra1+ 39. Ke2 Ra2+
40. Kf1 1/2-1/2

[Event "Vezerkepzo GM 2024.01"]
[Site "Budapest HUN"]
[Date "2024.01.08"]
[Round "4.1"]
[White "Sai Krishna, GV."]
[Black "Vaz, Ethan"]
[Result "0-1"]
[WhiteElo "2370"]
[BlackElo "2403"]
[PlyCount "70"]
[EventDate "2024.01.05"]
[EventType "tourn"]
[EventRounds "9"]
[EventCountry "HUN"]
[EventCategory "6"]
[Source "ChessMix"]
[SourceDate "2024.01.20"]

1. e4 c5 2. Nf3 d6 3. d4 cxd4 4. Nxd4 Nf6 5. Nc3 a6 6. Bg5 e6 7. f4 Be7 8. Qf3
Qc7 9. O-O-O Nbd7 10. g4 h6 11. Bxf6 Bxf6 12. h4 Nb6 13. g5 Bxd4 14. Rxd4 Qc5
15. Qf2 hxg5 16. e5 gxf4 17. Bd3 d5 18. Ne4 dxe4 19. Rd8+ Kxd8 20. Qxc5 Nd7 21.
Qg1 exd3 22. Qxg7 Rh5 23. Qxf7 Rf5 24. Qxe6 Nf8 25. Qd6+ Ke8 26. Rg1 Be6 27.
Rg7 d2+ 28. Kd1 Bf7 29. e6 Nxe6 30. Rh7 Rh5 31. Rxf7 Kxf7 32. Qd7+ Kf6 33. Qxb7
Rd8 34. Qc6 Re5 35. Qc3 Rd4 0-1

[Event "Vezerkepzo GM 2024.01"]
[Site "Budapest HUN"]
[Date "2024.01.09"]
[Round "5.1"]
[White "Mohammad, Nubairshah Shaikh"]
[Black "Sai Krishna, GV."]
[Result "1-0"]
[WhiteElo "2428"]
[BlackElo "2370"]
[PlyCount "81"]
[EventDate "2024.01.05"]
[EventType "tourn"]
[EventRounds "9"]
[EventCountry "HUN"]
[EventCategory "6"]
[Source "ChessMix"]
[SourceDate "2024.01.20"]

1. Nf3 Nf6 2. g3 g6 3. b3 Bg7 4. Bb2 O-O 5. Bg2 d6 6. d4 e5 7. dxe5 Nfd7 8. Qd2
dxe5 9. Nc3 Nc6 10. O-O-O a5 11. h4 a4 12. Nxa4 Qe7 13. Nc3 Nb6 14. Kb1 e4 15.
Ng5 h6 16. Nh3 Bf5 17. Nf4 Qc5 18. Qe3 Nd4 19. Rd2 Qb4 20. Nfd5 Nxd5 21. Nxd5
Qa5 22. Ne7+ Kh7 23. a4 c5 24. h5 Rae8 25. hxg6+ fxg6 26. Nxf5 Rxf5 27. Bc3 Qb6
28. Bxe4 Rff8 29. Bb2 Qe6 30. Rh4 Re7 31. a5 Rff7 32. Bxb7 Qf6 33. Be4 Qa6 34.
Qd3 Nb5 35. Rg4 Re6 36. Rxg6 Rxg6 37. Bxg6+ Qxg6 38. Qxb5 Bxb2 39. Kxb2 Qg5 40.
Qd3+ Kh8 41. Qd8+ 1-0

[Event "Vezerkepzo GM 2024.01"]
[Site "Budapest HUN"]
[Date "2024.01.10"]
[Round "6.1"]
[White "Sai Krishna, GV."]
[Black "Berczes, David"]
[Result "1/2-1/2"]
[WhiteElo "2370"]
[BlackElo "2439"]
[PlyCount "67"]
[EventDate "2024.01.05"]
[EventType "tourn"]
[EventRounds "9"]
[EventCountry "HUN"]
[EventCategory "6"]
[Source "ChessMix"]
[SourceDate "2024.01.20"]

1. e4 e5 2. Nf3 Nc6 3. Bb5 a6 4. Ba4 Nf6 5. O-O Be7 6. Re1 b5 7. Bb3 O-O 8. h3
Bb7 9. Nc3 d6 10. a3 Nd4 11. Ba2 c5 12. d3 Ne6 13. Nh2 b4 14. axb4 cxb4 15. Nd5
Nxd5 16. exd5 Nc7 17. Qf3 Bg5 18. Bc4 Bxc1 19. Rexc1 Qg5 20. Rd1 a5 21. Ra4 Ne6
22. Rda1 Nc5 23. R4a2 a4 24. Qe3 Qxe3 25. fxe3 b3 26. cxb3 axb3 27. Rxa8 Rxa8
28. Rxa8+ Bxa8 29. Nf3 Na4 30. Bxb3 Nxb2 31. Ne1 Bb7 32. Kf2 Ba6 33. Bc2 f5 34.
e4 1/2-1/2

[Event "Vezerkepzo GM 2024.01"]
[Site "Budapest HUN"]
[Date "2024.01.11"]
[Round "7.1"]
[White "Jobava, Baadur"]
[Black "Sai Krishna, GV."]
[Result "1-0"]
[WhiteElo "2591"]
[BlackElo "2370"]
[PlyCount "56"]
[EventDate "2024.01.05"]
[EventType "tourn"]
[EventRounds "9"]
[EventCountry "HUN"]
[EventCategory "6"]
[Source "ChessMix"]
[SourceDate "2024.01.20"]

1. e4 e5 2. Nf3 Nc6 3. Bc4 Nf6 4. d3 Be7 5. Nc3 d6 6. a4 O-O 7. a5 a6 8. Be3
Be6 9. Ng5 d5 10. exd5 Bxd5 11. Nxd5 Nxd5 12. O-O h6 13. Nf3 Nxe3 14. fxe3 Bb4
15. c3 Bxa5 16. d4 Bb6 17. Kh1 Qe7 18. Bd5 exd4 19. exd4 Qd6 20. Qb3 g5 21. Nd2
Qg6 22. Ne4 Rad8 23. Rf6 Qg7 24. Raf1 Rd7 25. Ng3 Ne7 26. Be4 g4 27. Nh5 Qg5
28. Rxf7 Nd5 1-0

[Event "Vezerkepzo GM 2024.01"]
[Site "Budapest HUN"]
[Date "2024.01.12"]
[Round "8.1"]
[White "Sai Krishna, GV."]
[Black "Mamedov, Edgar"]
[Result "1-0"]
[WhiteElo "2370"]
[BlackElo "2321"]
[PlyCount "71"]
[EventDate "2024.01.05"]
[EventType "tourn"]
[EventRounds "9"]
[EventCountry "HUN"]
[EventCategory "6"]
[Source "ChessMix"]
[SourceDate "2024.01.20"]

1. e4 c5 2. Nf3 Nc6 3. Bb5 e6 4. O-O Nge7 5. c3 a6 6. Ba4 b5 7. Bb3 c4 8. Bc2
Ng6 9. d4 cxd3 10. Qxd3 Bb7 11. a4 b4 12. Nbd2 a5 13. Rd1 Bc5 14. Qb5 Qb6 15.
Nc4 Qa7 16. Nd6+ Bxd6 17. Rxd6 Ba6 18. Qg5 O-O 19. Be3 Qb7 20. e5 bxc3 21. bxc3
Qc7 22. Rad1 Be2 23. Rxd7 Qc8 24. R1d6 Ncxe5 25. Nxe5 Qxc3 26. Rd2 Qa1+ 27. Bd1
f6 28. Nxg6 fxg5 29. Bd4 Qxd1+ 30. Rxd1 Rf7 31. Rxf7 Kxf7 32. Ne5+ Ke7 33. Rb1
Rc8 34. Rb7+ Ke8 35. h3 Rd8 36. Rxg7 1-0

[Event "Vezerkepzo GM 2024.01"]
[Site "Budapest HUN"]
[Date "2024.01.13"]
[Round "9.1"]
[White "Levitan, Caleb Levi"]
[Black "Sai Krishna, GV."]
[Result "0-1"]
[WhiteElo "2317"]
[BlackElo "2370"]
[PlyCount "106"]
[EventDate "2024.01.05"]
[EventType "tourn"]
[EventRounds "9"]
[EventCountry "HUN"]
[EventCategory "6"]
[Source "ChessMix"]
[SourceDate "2024.01.20"]

1. e4 e5 2. Nf3 Nc6 3. Bb5 a6 4. Ba4 Nf6 5. d3 d6 6. c3 g6 7. d4 b5 8. Bc2 Bg4
9. d5 Ne7 10. h3 Bd7 11. a4 Bg7 12. O-O O-O 13. Qe2 c6 14. dxc6 Bxc6 15. Rd1
Qc7 16. Bg5 d5 17. Nbd2 Nh5 18. Bb3 h6 19. Bxe7 Nf4 20. Qf1 dxe4 21. Bxf8 exf3
22. Bd6 Qxd6 23. Nxf3 Qe7 24. Ne1 e4 25. Nc2 Qg5 26. g3 Be5 27. h4 Qg4 28. Ne3
Ne2+ 29. Kh1 Qf3+ 30. Qg2 Nxg3+ 31. fxg3 Qxe3 32. axb5 Bxb5 33. Ra5 Re8 34. Kh2
g5 35. h5 Re7 36. Raa1 Kg7 37. Re1 Qb6 38. Bd5 f5 39. Kh1 Qd6 40. c4 Bxg3 41.
Red1 Bd7 42. Bxe4 Qf4 43. Bf3 Qh4+ 44. Kg1 g4 45. Rxa6 Be8 46. Bc6 Bxh5 47. Rd7
Rxd7 48. Bxd7 Be5 49. Ra1 g3 50. Bxf5 Bd4+ 51. Kf1 Qf4+ 52. Ke1 Bf3 53. Qd2
Qe5+ 0-1

[Event "Vezerkepzo GM-2 2023.12"]
[Site "Budapest HUN"]
[Date "2023.12.26"]
[Round "1.4"]
[White "Dau, Khuong Duy"]
[Black "Sai Krishna, GV."]
[Result "1/2-1/2"]
[WhiteElo "2299"]
[BlackElo "2371"]
[PlyCount "82"]
[EventDate "2023.12.26"]
[EventType "tourn"]
[EventRounds "9"]
[EventCountry "HUN"]
[EventCategory "6"]
[Source "ChessMix"]
[SourceDate "2024.01.10"]

1. e4 e5 2. Nf3 Nc6 3. Bb5 a6 4. Ba4 d6 5. c3 f5 6. exf5 Bxf5 7. O-O Bd3 8. Re1
Be7 9. Qb3 b5 10. Qd5 Qd7 11. Qxd3 bxa4 12. Qe3 Nf6 13. d4 exd4 14. cxd4 Nb4
15. Qe2 O-O 16. Bg5 Nbd5 17. Nc3 Nxc3 18. bxc3 Rfe8 19. Bxf6 Bxf6 20. Qc4+ Kh8
21. Rxe8+ Rxe8 22. Qxa6 g5 23. Qd3 g4 24. Nd2 Qe6 25. Nf1 Qe2 26. Qf5 Bg7 27.
Ng3 Qb2 28. Rf1 Qxc3 29. Qxg4 Qxd4 30. Qd7 Rg8 31. Qxc7 Be5 32. Qc1 Qc5 33. Qd2
a3 34. Ne4 Qc4 35. Re1 Bb2 36. Nxd6 Qxa2 37. Qf4 Qd5 38. Nf7+ Kg7 39. Ng5 Kh8
40. Nf7+ Kg7 41. Ng5 Kh8 1/2-1/2

[Event "Vezerkepzo GM-2 2023.12"]
[Site "Budapest HUN"]
[Date "2023.12.27"]
[Round "2.2"]
[White "Sai Krishna, GV."]
[Black "Berczes, David"]
[Result "1-0"]
[WhiteElo "2371"]
[BlackElo "2438"]
[PlyCount "69"]
[EventDate "2023.12.26"]
[EventType "tourn"]
[EventRounds "9"]
[EventCountry "HUN"]
[EventCategory "6"]
[Source "ChessMix"]
[SourceDate "2024.01.10"]

1. e4 e6 2. d4 d5 3. Nc3 Nf6 4. Bg5 dxe4 5. Nxe4 Be7 6. Bxf6 gxf6 7. Nf3 a6 8.
c4 f5 9. Nc3 Bf6 10. Qd2 c5 11. d5 O-O 12. O-O-O exd5 13. Nxd5 Bg7 14. Bd3 Nc6
15. Qc2 b5 16. Bxf5 Nd4 17. Nxd4 cxd4 18. Rhe1 Kh8 19. Ne7 bxc4 20. Bxc8 Rxc8
21. Nxc8 Qxc8 22. b3 Qb8 23. bxc4 Bh6+ 24. Rd2 Qb4 25. Re4 Qc3 26. f4 Qa1+ 27.
Qb1 Qc3+ 28. Kd1 f5 29. Rexd4 Qe3 30. Qd3 Qg1+ 31. Kc2 Qa1 32. Rd8 Qxa2+ 33.
Kd1 Qa4+ 34. Ke2 Re8+ 35. Kf2 1-0

[Event "Vezerkepzo GM-2 2023.12"]
[Site "Budapest HUN"]
[Date "2023.12.28"]
[Round "3.5"]
[White "Varga, Zoltan"]
[Black "Sai Krishna, GV."]
[Result "0-1"]
[WhiteElo "2378"]
[BlackElo "2371"]
[PlyCount "69"]
[EventDate "2023.12.26"]
[EventType "tourn"]
[EventRounds "9"]
[EventCountry "HUN"]
[EventCategory "6"]
[Source "ChessMix"]
[SourceDate "2024.01.10"]

1. d4 Nf6 2. c4 g6 3. Nc3 Bg7 4. e4 d6 5. f3 O-O 6. Be3 Nc6 7. Nge2 a6 8. Rc1
Bd7 9. a3 Na5 10. Ng3 b5 11. cxb5 axb5 12. Nxb5 Qb8 13. Nxc7 Ra7 14. b4 Rxc7
15. Rxc7 Qxc7 16. bxa5 Qxa5+ 17. Kf2 d5 18. e5 Ne8 19. Qd2 Qxa3 20. Be2 f6 21.
Rc1 e6 22. Bh6 Bxh6 23. Qxh6 Qb2 24. Qe3 fxe5 25. Rd1 Nf6 26. Kg1 exd4 27. Rxd4
Qb6 28. f4 Ne8 29. h4 Ng7 30. Kh2 Qd8 31. h5 gxh5 32. Bd3 Qf6 33. Rb4 Be8 34.
f5 exf5 35. Rb6 0-1

[Event "Vezerkepzo GM-2 2023.12"]
[Site "Budapest HUN"]
[Date "2023.12.29"]
[Round "4.1"]
[White "Ilinca, Felix-Antonio"]
[Black "Sai Krishna, GV."]
[Result "0-1"]
[WhiteElo "2423"]
[BlackElo "2371"]
[PlyCount "50"]
[EventDate "2023.12.26"]
[EventType "tourn"]
[EventRounds "9"]
[EventCountry "HUN"]
[EventCategory "6"]
[Source "ChessMix"]
[SourceDate "2024.01.10"]

1. d4 Nf6 2. c4 g6 3. Nc3 Bg7 4. e4 d6 5. Be2 O-O 6. Be3 Nc6 7. d5 Ne5 8. f4
Neg4 9. Bd2 Nh6 10. Nf3 c6 11. a4 cxd5 12. cxd5 e6 13. dxe6 Bxe6 14. a5 d5 15.
e5 d4 16. Nb5 d3 17. Bf1 Ne4 18. Nbd4 Bc4 19. Be3 Ng4 20. Bg1 Ngf2 21. Bxf2 d2+
22. Nxd2 Nxf2 23. Kxf2 Qxd4+ 24. Kg3 g5 25. Qf3 Bd5 0-1

[Event "Vezerkepzo GM-2 2023.12"]
[Site "Budapest HUN"]
[Date "2023.12.30"]
[Round "5.5"]
[White "Sai Krishna, GV."]
[Black "Neverov, Valeriy"]
[Result "0-1"]
[WhiteElo "2371"]
[BlackElo "2394"]
[PlyCount "68"]
[EventDate "2023.12.26"]
[EventType "tourn"]
[EventRounds "9"]
[EventCountry "HUN"]
[EventCategory "6"]
[Source "ChessMix"]
[SourceDate "2024.01.10"]

1. e4 c5 2. Nf3 d6 3. d4 cxd4 4. Nxd4 Nf6 5. Nc3 a6 6. Bg5 e6 7. f4 Be7 8. Qf3
Qc7 9. O-O-O Nbd7 10. g4 h6 11. Bxf6 Bxf6 12. h4 Qb6 13. Nde2 Nc5 14. g5 Be7
15. g6 O-O 16. gxf7+ Rxf7 17. Rg1 Bd7 18. Bh3 Rc8 19. Rg6 Bf6 20. Rdg1 Kf8 21.
Qg3 Nxe4 22. Qd3 Nxc3 23. Nxc3 Qd4 24. Qg3 Rc4 25. f5 Be5 26. Qe1 exf5 27. Nd1
Qxh4 28. Qa5 Ra4 29. Qc7 Rxa2 30. Qb8+ Be8 31. Re6 Ra1+ 32. Kd2 Qd4+ 33. Ke2
Qc4+ 34. Kf2 Qxe6 0-1

[Event "Vezerkepzo GM-2 2023.12"]
[Site "Budapest HUN"]
[Date "2023.12.31"]
[Round "6.2"]
[White "Tancsa, Tamas"]
[Black "Sai Krishna, GV."]
[Result "0-1"]
[WhiteElo "2337"]
[BlackElo "2371"]
[PlyCount "64"]
[EventDate "2023.12.26"]
[EventType "tourn"]
[EventRounds "9"]
[EventCountry "HUN"]
[EventCategory "6"]
[Source "ChessMix"]
[SourceDate "2024.01.10"]

1. e4 e5 2. Nf3 Nc6 3. Nc3 Nf6 4. d4 exd4 5. Nxd4 Bb4 6. Nxc6 bxc6 7. Bd3 d5 8.
exd5 cxd5 9. O-O O-O 10. h3 Rb8 11. Qf3 c6 12. Bf4 Bd6 13. b3 Rb4 14. Bxd6 Qxd6
15. a3 Rf4 16. Qg3 Nh5 17. Qh2 Qh6 18. Ne2 Rh4 19. f4 Bg4 20. Ng3 Nxf4 21. Nf5
Bxf5 22. Bxf5 g6 23. Bd7 Rd8 24. Bxc6 Rc8 25. Bb5 Nxh3+ 26. gxh3 Rxh3 27. Qg2
Rxc2 28. Be2 Qe3+ 29. Qf2 Rg3+ 30. Kh2 Rxe2 31. Qxe2 Rh3+ 32. Kg2 Qg3# 0-1

[Event "Vezerkepzo GM-2 2023.12"]
[Site "Budapest HUN"]
[Date "2024.01.01"]
[Round "7.4"]
[White "Sai Krishna, GV."]
[Black "Dudognon, Thibault"]
[Result "1-0"]
[WhiteElo "2371"]
[BlackElo "2392"]
[PlyCount "105"]
[EventDate "2023.12.26"]
[EventType "tourn"]
[EventRounds "9"]
[EventCountry "HUN"]
[EventCategory "6"]
[Source "ChessMix"]
[SourceDate "2024.01.10"]

1. e4 c5 2. Nf3 d6 3. d4 cxd4 4. Nxd4 Nf6 5. Nc3 a6 6. Bg5 e6 7. f4 Qc7 8. Qf3
b5 9. Bxf6 gxf6 10. O-O-O b4 11. Nce2 h5 12. Ng3 h4 13. Nh5 Nd7 14. Qg4 Bb7 15.
Qxh4 O-O-O 16. f5 e5 17. Nb3 a5 18. Bb5 Qb6 19. Bxd7+ Rxd7 20. Qg4 Be7 21. Ng3
a4 22. Nd2 Rc7 23. Kb1 a3 24. b3 Ba6 25. Nc4 Rxc4 26. bxc4 Bxc4 27. Qf3 Qc5 28.
Rd2 Bf8 29. Qf2 Bxa2+ 30. Kc1 Qc3 31. Rd3 Qb2+ 32. Kd1 Bc4 33. Qb6 Qa1+ 34. Ke2
Bxd3+ 35. cxd3 Qb2+ 36. Kf3 Qc2 37. Qa6+ Kd7 38. Qb7+ Qc7 39. Qxb4 Qa7 40. Qc4
Ke7 41. Rc1 Qd7 42. Qa6 Bh6 43. Rb1 Rc8 44. Qxa3 Qc6 45. Nh5 Rc7 46. Rb8 Qc2
47. Nxf6 Qd1+ 48. Kg3 Qe1+ 49. Kh3 Qe3+ 50. g3 Kxf6 51. Qxd6+ Kg5 52. Rg8+ Kh5
53. Qxc7 1-0

[Event "Vezerkepzo GM-2 2023.12"]
[Site "Budapest HUN"]
[Date "2024.01.02"]
[Round "8.3"]
[White "Vaz, Ethan"]
[Black "Sai Krishna, GV."]
[Result "1/2-1/2"]
[WhiteElo "2400"]
[BlackElo "2371"]
[PlyCount "89"]
[EventDate "2023.12.26"]
[EventType "tourn"]
[EventRounds "9"]
[EventCountry "HUN"]
[EventCategory "6"]
[Source "ChessMix"]
[SourceDate "2024.01.10"]

1. e4 e5 2. Nf3 Nc6 3. Bc4 Nf6 4. d3 Be7 5. O-O O-O 6. Re1 d6 7. a4 Kh8 8. a5
a6 9. h3 Ng8 10. Nc3 f5 11. Nd5 f4 12. d4 Bf6 13. Ra3 Nge7 14. Nxf6 gxf6 15. c3
Ng6 16. b4 Qe7 17. Bb2 Qg7 18. Kh1 Bd7 19. Rg1 Qh6 20. Nh2 Qh4 21. Qf1 Nce7 22.
Be2 Bc6 23. Bf3 exd4 24. c4 Ne5 25. b5 Bd7 26. Bxd4 Rg8 27. Be2 Rg6 28. c5 axb5
29. Bxb5 N7c6 30. Bxe5 fxe5 31. cxd6 cxd6 32. Qe1 Rag8 33. a6 bxa6 34. Bxc6
Bxc6 35. Rxa6 Bd7 36. Ra3 Qh6 37. Qf1 Bc6 38. Qe2 Qg7 39. Qf3 Qb7 40. Rb3 Qa8
41. Ra3 Qb7 42. Rb3 Qa7 43. Rd3 Qa4 44. Re1 Qb4 45. Rdd1 1/2-1/2